Practical english usage

Kaydedildi:
Detaylı Bibliyografya
Yazar: Swan, Michael (Yazar)
Materyal Türü: Kitap
Dil:İngilizce
Baskı/Yayın Bilgisi: Oxford Oxford University Press 1995
Edisyon:2a. ed
Konular:
Etiketler: Etiketle
Etiket eklenmemiş, İlk siz ekleyin!

MARC

LEADER 00000nam a2200000 a 4500
001 UCZ6886
003 CL-VaPUC
008 951219e19950000UK |||||||||||||||||eng|d
020 |a 019431197X 
082 0 4 |a 428.8  |b SWA  |2 21 
100 0 |a Swan, Michael  |e author  |9 351464 
245 1 0 |a Practical english usage 
250 |a 2a. ed 
300 |a 658 p 
942 |c BK 
945 |d 19951219 00:00:00  |a rleighto 
260 |a Oxford  |b Oxford University Press  |c 1995 
650 0 |a Inglés  |9 260023 
650 0 |a Gramática  |9 270497 
650 0 |a Fonética  |9 308371 
650 0 |a Lenguaje   |9 265069 
650 0 |a Lenguas extranjeras   |9 343620 
583 |a last modification  |c 19951219 00:00:00  |k Rodrigo Vera 
999 |c 243035  |d 243033 
952 |0 0  |1 0  |4 0  |6 428_800000000000000_SWA_1995  |7 0  |8 X  |9 256409  |a BIBEDU  |b BIBEDU  |d 2019-11-19  |i 3159418  |o 428.8 SWA 1995  |p 3159418  |r 2023-01-13  |w 2019-11-19  |y BK_X  |k LIT 
952 |0 0  |1 0  |4 0  |6 428_800000000000000_SWA_1995  |7 0  |8 X  |9 256410  |a BIBEDU  |b BIBEDU  |d 2019-11-19  |i 370176K  |o 428.8 SWA 1995  |p 370176K  |r 2023-01-13  |w 2019-11-19  |y BK_X  |k CIT 
952 |0 0  |1 0  |4 0  |6 428_800000000000000_SWA_1995  |7 0  |8 X  |9 256411  |a BIBEDU  |b BIBEDU  |d 2019-11-19  |i 3947734  |o 428.8 SWA 1995  |p 3947734  |r 2023-01-13  |w 2019-11-19  |y BK_X  |k LIT